000
00339nam a2200157Ia 4500
008
200305s9999 xx 000 0 und d
020
_a
978-0-333-75313-5
082
_a
820.9355
082
_b
NIR
100
_a
NIRO BRIAN
245
_a
RACE
260
_a
UK
_b
PALGRAVE MACMILLAN
300
_a
198
650
_a
ENGLISH
999
_c
40280
_d
40280
041
_a
eng